Enigmas en el origen de las lenguas andinas : aplicando nuevas tecnicas a las incognitas por resolver. /

El presente artículo es el resultado de un estudio comparativo de veinte variedades de lenguas andinas de las familias quechua, aimara y uru-chipaya; basado en la recolección de nuevos datos en un reciente trabajo de campo, al igual que en la aplicación de nuevas técnicas para la interpretación de l...

Descripción completa

Detalles Bibliográficos
Autor principal: Heggarty, Paul
Formato: Analitica de revista
Lenguaje:español

MARC

LEADER 00000cab a2200000 a 4500
001 041464
003 UAHC_CL
005 20170803124557.0
008 050705b xx j 000 1 spa
040 |a UAHC_CL  |c UAHC_CL  |d UAHC_CL 
100 1 |a Heggarty, Paul 
245 1 0 |a Enigmas en el origen de las lenguas andinas :  |b aplicando nuevas tecnicas a las incognitas por resolver. /  |c Paul Heggarty. 
500 |a Revista Andina 40, primer semestre del 2005, 9-80 
520 |a El presente artículo es el resultado de un estudio comparativo de veinte variedades de lenguas andinas de las familias quechua, aimara y uru-chipaya; basado en la recolección de nuevos datos en un reciente trabajo de campo, al igual que en la aplicación de nuevas técnicas para la interpretación de los mismos. La Figura 1 muestra la ubicación geográfica de las veinte variedades consideradas en nuestro estudio, además de los principales grupos geográficos dentro de la familia quechua. Nuestro propósito fundamental consiste en cuantificar el grado de semejanza existente entre las variedades en cuestión, tanto en el nivel fonético como en el semántico-léxico. Dichas cuantificaciones no se obtienen por medio de las técnicas tradicionales de cuantificación -tales como la lexicoestadística- ampliamente criticadas, sino por métodos más recientes desarrollados, en ambos casos (la fonética y la semántica léxica), por nosotros mismos. Estos métodos nos vienen resultando más adecuados que los tradicionales. \En una segunda etapa, analizamos el conjunto de resultados del proceso inicial de cuantificación, a través de programas (software) para el análisis filogenético, también de reciente aparición. Dichos programas posibilitan nuevas y reveladoras maneras de representar e interpretar las relaciones entre las familias idiomáticas implicadas, como también acerca de su desarrollo histórico y, por extensión, el de sus pueblos hablantes. 
520 |a El presente artículo es el resultado de un estudio comparativo de veinte variedades de lenguas andinas de las familias quechua, aimara y uru-chipaya; basado en la recolección de nuevos datos en un reciente trabajo de campo, al igual que en la aplicación de nuevas técnicas para la interpretación de los mismos. La Figura 1 muestra la ubicación geográfica de las veinte variedades consideradas en nuestro estudio, además de los principales grupos geográficos dentro de la familia quechua. Nuestro propósito fundamental consiste en cuantificar el grado de semejanza existente entre las variedades en cuestión, tanto en el nivel fonético como en el semántico-léxico. Dichas cuantificaciones no se obtienen por medio de las técnicas tradicionales de cuantificación -tales como la lexicoestadística- ampliamente criticadas, sino por métodos más recientes desarrollados, en ambos casos (la fonética y la semántica léxica), por nosotros mismos. Estos métodos nos vienen resultando más adecuados que los tradicionales. \En una segunda etapa, analizamos el conjunto de resultados del proceso inicial de cuantificación, a través de programas (software) para el análisis filogenético, también de reciente aparición. Dichos programas posibilitan nuevas y reveladoras maneras de representar e interpretar las relaciones entre las familias idiomáticas implicadas, como también acerca de su desarrollo histórico y, por extensión, el de sus pueblos hablantes. 
759 |a PP116 
773 0 |t Revista andina.  |w 041480 
900 |a REVISTA ANDINA-40/05 
942 |c REVA 
952 |0 0  |1 0  |4 0  |6 REVISTA_ANDINA40_05_000000000000000  |7 0  |8 General  |9 77811  |a BC  |b BC  |c General  |d 2017-08-03  |l 0  |o REVISTA ANDINA-40/05  |p FICTICIO7035  |r 2019-01-08 00:00:00  |t 1  |w 2017-08-03  |y REVA 
999 |c 41464  |d 41464